000 00426nam a2200169Ia 4500
008 130318s9999 xx 000 0 und d
020 _a8173660514
082 _a006.74H ENS/H
100 _aEnsor, Dave
245 _aHTML:The definitive guide
250 _a3
260 _bOreilly/Shroff Publishers and Distributors
_aMumbai
_c1999
300 _a587
650 _aHTML
650 _aMARKUP LANGAUGES
700 _aKennedy, Bill
999 _c76
_d76